Toutes Les Races De Poules Françaises - Statistiques

Statistiques générales
  • Ce quiz a été pris 14 fois
  • Le résultat moyen est 9 sur 42
Statistiques - réponses
Région Réponses % Correct
Poitou-Charente La Marans
85%
Bretagne La Coucou de Rennes
77%
Centre La Faverolles
54%
Bourgogne La Bresse Gauloise
38%
Bourgogne La Charollaise
38%
Midi-Pyrénées La Gasconne
38%
Haute-Normandie La Gournay
38%
Bretagne La Janzé
38%
Centre La Noire du Berry
38%
Nord-Pas-De-Calais La Combattant du nord
31%
Pays De La Loire La Flèche
31%
Limousin La Limousine
31%
Auvergne La Bourbonnaise
23%
Nord-Pas-De-Calais La Coucou des Flandres
23%
Pays De La Loire La Coucou de France
23%
Basse Normandie La Crèvecoeur
23%
Centre La Gâtinaise
23%
Île-De-France La Houdan
23%
Alsace L’Alsace
23%
Lorraine La Meusienne
23%
Aquitaine L’Aquitaine
23%
Poitou-Charente La Barbezieux
15%
Nord-Pas-De-Calais La Bourbourg
15%
Basse Normandie La Caumont
15%
Midi-Pyrénées La Caussade
15%
Basse Normandie La Cotentine
15%
Rhône-Alpes La Cou Nu du Forez
15%
Basse Normandie La Courte Pattes
15%
Nord-Pas-De-Calais La Hergnies
15%
Rhône-Alpes La Lyonnaise
15%
Île-De-France La Mantes
15%
Centre La Contres
8%
Provence-Alpes-Côte-D-Azur La Coucou de Piémont
8%
Centre La Géline de Touraine
8%
Pays De La Loire La Noire de Challans
8%
Poitou-Charente La Pictave
8%
Champagne-Ardenne L’Ardennaise
8%
Alsace La Javanaise
0%
Haute-Normandie La Pavilly
0%
Nord-Pas-De-Calais La Poule d’Estaires
0%
Pays De La Loire La poule Le Mans
0%
Basse Normandie La poule Le Merlerault
0%
Aucun quiz correspondant
Distribution des résultats
% des personnes avec chaque résultat
Percentile par nombre de réponses
Votre historique - résultats
Vous n’avez pas pris ce quiz